[Event "DVM U20 2019"]
[Site "Braunschweig GER"]
[Date "2019.12.27"]
[Round "1"]
[White "Kololli, Martin"]
[Black "Roseneck, Jonas"]
[Result "0-1"]
[Termination "normal"]
[Board "1.1"]
[WhiteTitle "FM"]
[BlackTitle "FM"]
[WhiteElo "2343"]
[BlackElo "2417"]
[WhiteClock "00:25:49"]
[BlackClock "00:23:53"]
[WhiteTeam "Lübecker SV"]
[BlackTeam "SG Aufbau Elbe Magdeburg"]
[PlyCount "87"]
[WhiteFideId "12936910"]
[BlackFideId "12939870"]
[EventCountry "GER"]
[EventRounds "7"]
[EventType "team-swiss"]
[EventDate "2019.12.26"]

1. e4 {[%clk 1:30:56]} c5 {[%clk 1:30:54]} 2. c3 {[%clk 1:31:21]} Nf6 {[%clk
1:31:20]} 3. e5 {[%clk 1:31:46]} Nd5 {[%clk 1:31:48]} 4. d4 {[%clk 1:32:09]}
cxd4 {[%clk 1:32:14]} 5. Nf3 {[%clk 1:32:34]} Nc6 {[%clk 1:32:38]} 6. cxd4
{[%clk 1:32:54]} d6 {[%clk 1:32:12]} 7. Bc4 {[%clk 1:33:09]} e6 {[%clk
1:30:54]} 8. O-O {[%clk 1:33:00]} Be7 {[%clk 1:31:22]} 9. exd6 {[%clk 1:31:54]}
Bxd6 {[%clk 1:31:31]} 10. Nc3 {[%clk 1:26:47]} O-O {[%clk 1:31:38]} 11. Re1
{[%clk 1:26:04]} h6 {[%clk 1:32:03]} 12. Bb3 {[%clk 1:23:37]} Nf6 {[%clk
1:31:16]} 13. a3 {[%clk 1:18:15]} b6 {[%clk 1:23:27]} 14. Qd3 {[%clk 1:07:59]}
Bb7 {[%clk 1:14:06]} 15. Bc2 {[%clk 1:07:20]} Ne7 {[%clk 1:12:04]} 16. Ne5
{[%clk 1:04:03]} Bxe5 {[%clk 0:47:04]} 17. dxe5 {[%clk 1:02:37]} Qxd3 {[%clk
0:47:25]} 18. Bxd3 {[%clk 1:03:02]} Nd7 {[%clk 0:47:27]} 19. Bf4 {[%clk
0:58:04]} Nc5 {[%clk 0:37:51]} 20. Bc2 {[%clk 0:57:43]} Rad8 {[%clk 0:33:30]}
21. Rad1 {[%clk 0:57:07]} Ba6 {[%clk 0:33:31]} 22. Rxd8 {[%clk 0:50:42]} Rxd8
{[%clk 0:32:52]} 23. b4 {[%clk 0:50:19]} Nd3 {[%clk 0:25:26]} 24. Rd1 {[%clk
0:50:13]} Bc4 {[%clk 0:23:17]} 25. f3 {[%clk 0:47:41]} Kf8 {[%clk 0:17:29]} 26.
Rd2 {[%clk 0:31:15]} Nd5 {[%clk 0:16:37]} 27. Ne2 {[%clk 0:28:44]} N3xb4 {[%clk
0:10:24]} 28. axb4 {[%clk 0:25:59]} Bxe2 {[%clk 0:10:50]} 29. Bb3 {[%clk
0:23:14]} Bb5 {[%clk 0:09:25]} 30. Be3 {[%clk 0:18:52]} Ke7 {[%clk 0:09:30]}
31. Bxd5 {[%clk 0:18:58]} exd5 {[%clk 0:09:49]} 32. Rd4 {[%clk 0:16:41]} Bc4
{[%clk 0:06:55]} 33. Rg4 {[%clk 0:16:07]} Kf8 {[%clk 0:07:21]} 34. Bd4 {[%clk
0:15:36]} Re8 {[%clk 0:06:23]} 35. f4 {[%clk 0:15:42]} g6 {[%clk 0:04:11]} 36.
Rh4 {[%clk 0:12:52]} h5 {[%clk 0:03:22]} 37. f5 {[%clk 0:11:51]} Bd3 {[%clk
0:02:53]} 38. fxg6 {[%clk 0:09:57]} Bxg6 {[%clk 0:01:08]} 39. Rh3 {[%clk
0:05:01]} Rc8 {[%clk 0:00:41]} 40. Ra3 {[%clk 0:03:58]} Rc4 {[%clk 0:00:42]}
41. Be3 {[%clk 0:03:20]} d4 {[%clk 0:23:44]} 42. Bh6+ {[%clk 0:29:57]} Ke7
{[%clk 0:23:53]} 43. Rxa7+ Ke6 44. b5 {[%clk 0:25:49]} *

[Event "DVM U20 2019"]
[Site "Braunschweig GER"]
[Date "2019.12.27"]
[Round "1"]
[White "Sieber, Fiona"]
[Black "Poghosyan, Tigran"]
[Result "1-0"]
[Termination "normal"]
[Board "1.2"]
[WhiteTitle "WIM"]
[WhiteElo "2277"]
[BlackElo "2109"]
[WhiteClock "00:17:48"]
[BlackClock "00:00:57"]
[WhiteTeam "SG Aufbau Elbe Magdeburg"]
[BlackTeam "Lübecker SV"]
[PlyCount "61"]
[WhiteFideId "12902373"]
[BlackFideId "12909319"]
[EventCountry "GER"]
[EventRounds "7"]
[EventType "team-swiss"]
[EventDate "2019.12.26"]

1. e4 {[%clk 1:30:57]} c5 {[%clk 1:30:47]} 2. Nf3 {[%clk 1:31:21]} d6 {[%clk
1:31:12]} 3. d4 {[%clk 1:31:48]} cxd4 {[%clk 1:31:34]} 4. Nxd4 {[%clk 1:32:14]}
Nf6 {[%clk 1:31:56]} 5. Nc3 {[%clk 1:32:40]} Bd7 {[%clk 1:32:16]} 6. Bg5 {[%clk
1:31:42]} e6 {[%clk 1:11:02]} 7. Ndb5 {[%clk 1:29:43]} Bxb5 {[%clk 1:00:19]} 8.
Bxb5+ {[%clk 1:29:25]} Nc6 {[%clk 1:00:37]} 9. e5 {[%clk 1:13:33]} dxe5 {[%clk
0:59:21]} 10. Bxc6+ {[%clk 1:13:14]} bxc6 {[%clk 0:59:45]} 11. Qf3 {[%clk
1:11:56]} e4 {[%clk 0:53:37]} 12. Nxe4 {[%clk 1:10:25]} Qa5+ {[%clk 0:52:57]}
13. Nc3 {[%clk 1:03:34]} Qe5+ {[%clk 0:47:06]} 14. Be3 {[%clk 1:02:37]} Nd5
{[%clk 0:46:02]} 15. O-O-O {[%clk 0:59:13]} Bb4 {[%clk 0:18:26]} 16. Nxd5
{[%clk 0:55:25]} cxd5 {[%clk 0:18:25]} 17. Qg4 {[%clk 0:54:17]} Bd6 {[%clk
0:13:20]} 18. Rhe1 {[%clk 0:44:54]} h5 {[%clk 0:01:10]} 19. Qa4+ {[%clk
0:42:25]} Ke7 {[%clk 0:01:30]} 20. Qh4+ {[%clk 0:33:00]} Kd7 {[%clk 0:00:55]}
21. Bg5 {[%clk 0:30:01]} Qf5 {[%clk 0:00:42]} 22. Qa4+ {[%clk 0:30:19]} Kc7
{[%clk 0:01:05]} 23. h4 {[%clk 0:26:51]} Rhb8 {[%clk 0:00:40]} 24. Rd3 {[%clk
0:26:05]} Bb4 {[%clk 0:00:34]} 25. Rf3 {[%clk 0:23:42]} Qg6 {[%clk 0:00:32]}
26. Ree3 {[%clk 0:21:26]} d4 {[%clk 0:00:34]} 27. Bf4+ {[%clk 0:20:01]} Kd8
{[%clk 0:00:31]} 28. Bxb8 {[%clk 0:19:06]} Rxb8 {[%clk 0:00:38]} 29. Qxa7
{[%clk 0:17:51]} Rc8 {[%clk 0:00:32]} 30. Qxd4+ {[%clk 0:17:59]} Ke8 {[%clk
0:00:57]} 31. Rd3 {[%clk 0:17:48]} 1-0

[Event "DVM U20 2019"]
[Site "Braunschweig GER"]
[Date "2019.12.27"]
[Round "1"]
[White "Tiedemann, Fin Niklas"]
[Black "Biastoch, Bennet"]
[Result "1/2-1/2"]
[Termination "normal"]
[Board "1.3"]
[WhiteElo "1936"]
[BlackElo "2242"]
[WhiteClock "00:00:58"]
[BlackClock "00:21:23"]
[WhiteTeam "Lübecker SV"]
[BlackTeam "SG Aufbau Elbe Magdeburg"]
[PlyCount "82"]
[WhiteFideId "12936936"]
[BlackFideId "12939889"]
[EventCountry "GER"]
[EventRounds "7"]
[EventType "team-swiss"]
[EventDate "2019.12.26"]

1. e4 {[%clk 1:30:57]} c5 {[%clk 1:30:53]} 2. Nc3 {[%clk 1:31:02]} Nc6 {[%clk
1:31:07]} 3. g3 {[%clk 1:31:27]} g6 {[%clk 1:30:49]} 4. Bg2 {[%clk 1:31:49]}
Bg7 {[%clk 1:30:55]} 5. d3 {[%clk 1:32:09]} e6 {[%clk 1:30:46]} 6. f4 {[%clk
1:32:26]} Nge7 {[%clk 1:30:24]} 7. Nf3 {[%clk 1:25:41]} d6 {[%clk 1:30:01]} 8.
O-O {[%clk 1:25:47]} O-O {[%clk 1:30:19]} 9. Ne2 {[%clk 1:23:21]} b6 {[%clk
1:26:58]} 10. c3 {[%clk 1:22:48]} Ba6 {[%clk 1:24:59]} 11. Be3 {[%clk 1:20:19]}
Rc8 {[%clk 1:18:56]} 12. Bf2 {[%clk 1:10:54]} Qd7 {[%clk 1:08:03]} 13. Re1
{[%clk 1:06:44]} Rfd8 {[%clk 1:04:58]} 14. Rc1 {[%clk 1:01:46]} h6 {[%clk
0:46:07]} 15. h3 {[%clk 0:54:36]} e5 {[%clk 0:43:00]} 16. g4 {[%clk 0:45:38]}
d5 {[%clk 0:39:31]} 17. exd5 {[%clk 0:26:54]} Nxd5 {[%clk 0:39:32]} 18. fxe5
{[%clk 0:26:35]} Nxe5 {[%clk 0:39:12]} 19. Nxe5 {[%clk 0:26:29]} Bxe5 {[%clk
0:39:35]} 20. d4 {[%clk 0:26:27]} Nf4 {[%clk 0:27:35]} 21. Nxf4 {[%clk
0:23:39]} Bxf4 {[%clk 0:27:56]} 22. Rc2 {[%clk 0:18:40]} Bb8 {[%clk 0:25:32]}
23. d5 {[%clk 0:15:26]} Qd6 {[%clk 0:11:49]} 24. c4 {[%clk 0:15:44]} b5 {[%clk
0:12:11]} 25. b3 {[%clk 0:15:50]} bxc4 {[%clk 0:12:26]} 26. bxc4 {[%clk
0:16:12]} Re8 {[%clk 0:12:19]} 27. Qc1 {[%clk 0:08:11]} Rxe1+ {[%clk 0:06:20]}
28. Qxe1 {[%clk 0:08:00]} Qf4 {[%clk 0:03:18]} 29. Qe3 {[%clk 0:05:04]} Qxe3
{[%clk 0:01:44]} 30. Bxe3 {[%clk 0:05:29]} Kg7 {[%clk 0:02:01]} 31. Kf2 {[%clk
0:04:19]} Bd6 {[%clk 0:02:22]} 32. Bf1 {[%clk 0:03:01]} Rb8 {[%clk 0:02:44]}
33. Bd3 {[%clk 0:02:34]} Rb1 {[%clk 0:02:21]} 34. Bf1 {[%clk 0:00:54]} f5
{[%clk 0:02:31]} 35. gxf5 {[%clk 0:00:46]} gxf5 {[%clk 0:02:59]} 36. Bd3 {[%clk
0:00:59]} Bc8 {[%clk 0:02:02]} 37. Kg2 {[%clk 0:00:55]} Rb7 {[%clk 0:01:13]}
38. Rf2 {[%clk 0:01:03]} Kg6 {[%clk 0:01:00]} 39. Re2 {[%clk 0:00:40]} Re7
{[%clk 0:00:55]} 40. Bf2 {[%clk 0:00:36]} Rxe2 {[%clk 0:00:49]} 41. Bxe2 {[%clk
0:00:58]} Kg5 {[%clk 0:21:23]} *

[Event "DVM U20 2019"]
[Site "Braunschweig GER"]
[Date "2019.12.27"]
[Round "1"]
[White "Mundt, Alexandra"]
[Black "Wagner, Benjamin"]
[Result "1-0"]
[Termination "normal"]
[Board "1.5"]
[WhiteElo "1775"]
[BlackElo "1994"]
[WhiteClock "00:20:09"]
[BlackClock "00:31:10"]
[WhiteTeam "Lübecker SV"]
[BlackTeam "SG Aufbau Elbe Magdeburg"]
[PlyCount "84"]
[WhiteFideId "16217276"]
[BlackFideId "12957330"]
[EventCountry "GER"]
[EventRounds "7"]
[EventType "team-swiss"]
[EventDate "2019.12.26"]

1. e4 {[%clk 1:30:57]} e5 {[%clk 1:30:59]} 2. Nf3 {[%clk 1:31:21]} Nc6 {[%clk
1:31:27]} 3. Bb5 {[%clk 1:31:40]} a6 {[%clk 1:31:54]} 4. Ba4 {[%clk 1:32:03]}
Nf6 {[%clk 1:32:09]} 5. O-O {[%clk 1:32:09]} b5 {[%clk 1:31:53]} 6. Bb3 {[%clk
1:32:34]} Be7 {[%clk 1:32:14]} 7. Re1 {[%clk 1:32:09]} d6 {[%clk 1:32:37]} 8.
c3 {[%clk 1:31:21]} O-O {[%clk 1:32:58]} 9. h3 {[%clk 1:29:50]} Na5 {[%clk
1:33:05]} 10. Bc2 {[%clk 1:30:11]} c5 {[%clk 1:33:26]} 11. d4 {[%clk 1:29:20]}
Qc7 {[%clk 1:33:47]} 12. Nbd2 {[%clk 1:26:38]} cxd4 {[%clk 1:34:03]} 13. cxd4
{[%clk 1:26:52]} Nc6 {[%clk 1:34:23]} 14. d5 {[%clk 1:22:27]} Nb4 {[%clk
1:34:46]} 15. Bb1 {[%clk 1:22:34]} a5 {[%clk 1:35:09]} 16. Nf1 {[%clk 1:19:11]}
Bd7 {[%clk 1:33:27]} 17. Be3 {[%clk 1:15:16]} Rfc8 {[%clk 1:30:50]} 18. Re2
{[%clk 1:13:00]} Bd8 {[%clk 1:27:12]} 19. Ng3 {[%clk 1:00:01]} Qb7 {[%clk
1:25:49]} 20. Qd2 {[%clk 0:54:27]} Bb6 {[%clk 1:21:58]} 21. Bg5 {[%clk
0:49:24]} Ne8 {[%clk 1:20:28]} 22. Nh4 {[%clk 0:45:40]} Rc7 {[%clk 1:13:36]}
23. a3 {[%clk 0:37:09]} Na6 {[%clk 1:12:15]} 24. Ngf5 {[%clk 0:30:58]} b4
{[%clk 0:59:05]} 25. Bc2 {[%clk 0:23:55]} g6 {[%clk 0:40:12]} 26. Nh6+ {[%clk
0:16:59]} Kg7 {[%clk 0:39:31]} 27. Ng4 {[%clk 0:14:09]} Rac8 {[%clk 0:34:04]}
28. Bh6+ {[%clk 0:10:39]} Kg8 {[%clk 0:34:06]} 29. Bd1 {[%clk 0:10:18]} Bxg4
{[%clk 0:29:16]} 30. hxg4 {[%clk 0:10:40]} Rc4 {[%clk 0:26:37]} 31. Ba4 {[%clk
0:07:10]} Nf6 {[%clk 0:22:07]} 32. Bc6 {[%clk 0:02:44]} Qa7 {[%clk 0:22:04]}
33. Qd3 {[%clk 0:00:35]} Rxe4 {[%clk 0:17:42]} 34. Rxe4 {[%clk 0:01:04]} Bxf2+
{[%clk 0:17:56]} 35. Kh2 {[%clk 0:01:03]} Nxe4 {[%clk 0:18:05]} 36. Qxe4 {[%clk
0:01:32]} Bxh4 {[%clk 0:18:02]} 37. axb4 {[%clk 0:01:08]} Qb6 {[%clk 0:10:45]}
38. bxa5 {[%clk 0:00:34]} Qxb2 {[%clk 0:10:40]} 39. Rb1 {[%clk 0:00:36]} Qa3
{[%clk 0:09:39]} 40. Bb7 {[%clk 0:00:34]} Nc5 {[%clk 0:09:57]} 41. Qc2 {[%clk
0:24:23]} Rd8 {[%clk 0:32:56]} 42. a6 {[%clk 0:20:09]} Nxa6 {[%clk 0:31:10]} *

[Event "DVM U20 2019"]
[Site "Braunschweig GER"]
[Date "2019.12.27"]
[Round "1"]
[White "von Angern, Cedric"]
[Black "Kroschel, Anton"]
[Result "1-0"]
[Termination "normal"]
[Board "1.6"]
[WhiteElo "1867"]
[BlackElo "1756"]
[WhiteClock "00:05:51"]
[BlackClock "00:03:06"]
[WhiteTeam "SG Aufbau Elbe Magdeburg"]
[BlackTeam "Lübecker SV"]
[PlyCount "61"]
[WhiteFideId "12921106"]
[BlackFideId "12969834"]
[EventCountry "GER"]
[EventRounds "7"]
[EventType "team-swiss"]
[EventDate "2019.12.26"]

1. e4 {[%clk 1:30:55]} c5 {[%clk 1:30:55]} 2. Nf3 {[%clk 1:31:08]} e6 {[%clk
1:31:20]} 3. d4 {[%clk 1:30:47]} cxd4 {[%clk 1:31:44]} 4. Nxd4 {[%clk 1:30:29]}
Nf6 {[%clk 1:32:09]} 5. Bd3 {[%clk 1:11:33]} Nc6 {[%clk 1:30:31]} 6. c3 {[%clk
1:08:30]} Be7 {[%clk 1:19:23]} 7. O-O {[%clk 1:07:09]} O-O {[%clk 1:05:51]} 8.
Qe2 {[%clk 1:01:37]} d6 {[%clk 0:55:00]} 9. Nd2 {[%clk 0:53:45]} e5 {[%clk
0:41:45]} 10. N4f3 {[%clk 0:48:48]} Nd7 {[%clk 0:28:15]} 11. Nc4 {[%clk
0:41:18]} Nc5 {[%clk 0:27:51]} 12. Bc2 {[%clk 0:40:08]} Qc7 {[%clk 0:16:43]}
13. Ne3 {[%clk 0:35:18]} Be6 {[%clk 0:16:14]} 14. Rd1 {[%clk 0:32:02]} a5
{[%clk 0:14:45]} 15. Nd5 {[%clk 0:27:46]} Bxd5 {[%clk 0:14:42]} 16. Rxd5 {[%clk
0:27:14]} Ne6 {[%clk 0:14:31]} 17. g3 {[%clk 0:24:43]} Rad8 {[%clk 0:10:23]}
18. Be3 {[%clk 0:23:06]} b6 {[%clk 0:07:45]} 19. Rad1 {[%clk 0:20:27]} Nc5
{[%clk 0:04:48]} 20. a3 {[%clk 0:14:54]} Nd7 {[%clk 0:04:34]} 21. h3 {[%clk
0:12:15]} Nf6 {[%clk 0:04:53]} 22. R5d2 {[%clk 0:11:41]} Rd7 {[%clk 0:04:57]}
23. Qb5 {[%clk 0:09:45]} Rb8 {[%clk 0:05:19]} 24. Bg5 {[%clk 0:08:52]} Na7
{[%clk 0:05:41]} 25. Qe2 {[%clk 0:08:31]} h6 {[%clk 0:05:57]} 26. Bxf6 {[%clk
0:07:14]} Bxf6 {[%clk 0:06:12]} 27. Ne1 {[%clk 0:05:58]} Be7 {[%clk 0:06:04]}
28. Ng2 {[%clk 0:06:07]} b5 {[%clk 0:05:37]} 29. Ne3 {[%clk 0:06:21]} Nc8
{[%clk 0:04:12]} 30. Qg4 {[%clk 0:05:45]} Bf6 {[%clk 0:03:06]} 31. Nd5 {[%clk
0:05:51]} 1-0

[Event "DVM U20 2019"]
[Site "Braunschweig GER"]
[Date "2019.12.27"]
[Round "1"]
[White "Knudsen, Simon"]
[Black "Doll, Alexander"]
[Result "1/2-1/2"]
[Termination "normal"]
[Board "2.1"]
[WhiteElo "2194"]
[BlackElo "2127"]
[WhiteClock "00:04:49"]
[BlackClock "00:08:49"]
[WhiteTeam "SF Brackel"]
[BlackTeam "OSG Baden-Baden"]
[PlyCount "76"]
[WhiteFideId "12985546"]
[BlackFideId "16228294"]
[EventCountry "GER"]
[EventRounds "7"]
[EventType "team-swiss"]
[EventDate "2019.12.26"]

1. e4 {[%clk 1:30:56]} e5 {[%clk 1:30:55]} 2. Nf3 {[%clk 1:31:15]} Nc6 {[%clk
1:31:19]} 3. Bc4 {[%clk 1:31:37]} Bc5 {[%clk 1:31:45]} 4. b4 {[%clk 1:31:21]}
Bxb4 {[%clk 1:32:09]} 5. c3 {[%clk 1:31:46]} Be7 {[%clk 1:32:36]} 6. d4 {[%clk
1:32:10]} Na5 {[%clk 1:33:03]} 7. Be2 {[%clk 1:32:34]} d6 {[%clk 1:33:14]} 8.
O-O {[%clk 1:24:38]} Nf6 {[%clk 1:29:41]} 9. dxe5 {[%clk 1:23:05]} dxe5 {[%clk
1:29:57]} 10. Qa4+ {[%clk 1:23:24]} c6 {[%clk 1:25:23]} 11. Nxe5 {[%clk
1:21:39]} b5 {[%clk 1:24:05]} 12. Qc2 {[%clk 1:18:19]} Qc7 {[%clk 1:21:54]} 13.
Nf3 {[%clk 1:18:10]} O-O {[%clk 1:19:59]} 14. Nbd2 {[%clk 1:14:32]} Be6 {[%clk
1:15:23]} 15. Nd4 {[%clk 0:53:02]} Bg4 {[%clk 1:09:00]} 16. N2f3 {[%clk
0:51:46]} a6 17. h3 {[%clk 0:51:01]} Bxf3 {[%clk 1:05:37]} 18. Bxf3 {[%clk
0:50:29]} Nc4 {[%clk 1:01:56]} 19. Be2 {[%clk 0:48:05]} c5 {[%clk 0:58:33]} 20.
Nf5 {[%clk 0:45:49]} Nb6 {[%clk 0:46:00]} 21. Bg5 {[%clk 0:35:08]} Kh8 {[%clk
0:42:33]} 22. Rfe1 {[%clk 0:26:56]} Ng4 {[%clk 0:39:55]} 23. Bxg4 {[%clk
0:25:59]} Bxg5 {[%clk 0:40:21]} 24. g3 {[%clk 0:22:39]} h5 {[%clk 0:35:17]} 25.
Bf3 {[%clk 0:22:14]} Rad8 {[%clk 0:31:29]} 26. h4 {[%clk 0:20:28]} Bf6 {[%clk
0:30:06]} 27. Ne3 {[%clk 0:20:47]} Na4 {[%clk 0:23:07]} 28. Nd5 {[%clk
0:14:15]} Rxd5 {[%clk 0:22:38]} 29. exd5 {[%clk 0:14:41]} Bxc3 {[%clk 0:22:47]}
30. Qf5 {[%clk 0:10:33]} g6 {[%clk 0:21:18]} 31. Qg5 {[%clk 0:10:55]} Qd6
{[%clk 0:18:21]} 32. Qh6+ {[%clk 0:09:55]} Kg8 {[%clk 0:18:48]} 33. Rad1 {[%clk
0:04:46]} Bxe1 {[%clk 0:17:45]} 34. Rxe1 {[%clk 0:05:10]} c4 {[%clk 0:09:31]}
35. Re6 {[%clk 0:03:40]} fxe6 {[%clk 0:07:55]} 36. Qxg6+ {[%clk 0:04:04]} Kh8
{[%clk 0:08:21]} 37. Qh6+ {[%clk 0:04:26]} Kg8 {[%clk 0:08:49]} 38. Qg6+ {[%clk
0:04:49]} a5 1/2-1/2

[Event "DVM U20 2019"]
[Site "Braunschweig GER"]
[Date "2019.12.27"]
[Round "1"]
[White "Wu, Luka"]
[Black "Flüchter, Gregor"]
[Result "1/2-1/2"]
[Termination "normal"]
[Board "2.2"]
[WhiteElo "2073"]
[BlackElo "2174"]
[WhiteClock "00:09:48"]
[BlackClock "00:00:39"]
[WhiteTeam "OSG Baden-Baden"]
[BlackTeam "SF Brackel"]
[PlyCount "65"]
[WhiteFideId "12977420"]
[BlackFideId "12903396"]
[EventCountry "GER"]
[EventRounds "7"]
[EventType "team-swiss"]
[EventDate "2019.12.26"]

1. e4 {[%clk 1:30:58]} c5 {[%clk 1:30:55]} 2. Nf3 {[%clk 1:31:22]} Nc6 {[%clk
1:31:20]} 3. d4 {[%clk 1:31:45]} cxd4 {[%clk 1:31:46]} 4. Nxd4 {[%clk 1:32:09]}
e5 {[%clk 1:32:10]} 5. Nb5 {[%clk 1:32:31]} d6 {[%clk 1:32:32]} 6. N1c3 {[%clk
1:32:32]} a6 {[%clk 1:32:47]} 7. Na3 {[%clk 1:32:55]} b5 {[%clk 1:33:04]} 8.
Nd5 {[%clk 1:31:15]} Nf6 {[%clk 1:33:14]} 9. Bg5 {[%clk 1:31:25]} Be7 {[%clk
1:33:31]} 10. Bxf6 {[%clk 1:31:37]} Bxf6 {[%clk 1:33:50]} 11. c3 {[%clk
1:31:43]} O-O {[%clk 1:26:44]} 12. Be2 {[%clk 1:31:17]} Bg5 {[%clk 1:26:25]}
13. O-O {[%clk 1:31:01]} Ne7 {[%clk 1:16:24]} 14. Nc2 {[%clk 1:29:18]} Bb7
{[%clk 0:51:11]} 15. Nxe7+ {[%clk 1:28:11]} Qxe7 {[%clk 0:40:44]} 16. Bf3
{[%clk 1:23:12]} d5 {[%clk 0:31:18]} 17. exd5 {[%clk 1:21:33]} e4 {[%clk
0:31:05]} 18. Be2 {[%clk 1:20:47]} Rfd8 {[%clk 0:19:01]} 19. c4 {[%clk
1:18:03]} bxc4 {[%clk 0:19:21]} 20. Bxc4 {[%clk 1:18:25]} Qc5 {[%clk 0:19:33]}
21. Qe2 {[%clk 1:15:35]} Bxd5 {[%clk 0:19:13]} 22. Bxd5 {[%clk 1:13:46]} Qxd5
{[%clk 0:19:37]} 23. Rfd1 {[%clk 1:07:05]} Qb5 {[%clk 0:16:24]} 24. Qxe4 {[%clk
1:03:51]} Qxb2 {[%clk 0:16:31]} 25. Nb4 {[%clk 1:01:15]} Bf6 {[%clk 0:02:50]}
26. Rab1 {[%clk 0:59:38]} Qa3 {[%clk 0:01:00]} 27. Re1 {[%clk 0:47:57]} Qa4
{[%clk 0:00:45]} 28. Nd5 {[%clk 0:41:08]} Qd4 {[%clk 0:01:08]} 29. Nxf6+ {[%clk
0:22:22]} Qxf6 {[%clk 0:01:36]} 30. Rb7 {[%clk 0:22:23]} g6 {[%clk 0:00:49]}
31. Qe2 {[%clk 0:20:21]} Kg7 {[%clk 0:00:58]} 32. g3 {[%clk 0:20:27]} Re8
{[%clk 0:00:39]} 33. Re7 {[%clk 0:09:48]} 1/2-1/2

[Event "DVM U20 2019"]
[Site "Braunschweig GER"]
[Date "2019.12.27"]
[Round "1"]
[White "Kartsev, Nikolay"]
[Black "Wu, Leon"]
[Result "1/2-1/2"]
[Termination "normal"]
[Board "2.3"]
[WhiteElo "2092"]
[BlackElo "2019"]
[WhiteClock "00:31:35"]
[BlackClock "01:04:48"]
[WhiteTeam "SF Brackel"]
[BlackTeam "OSG Baden-Baden"]
[PlyCount "41"]
[WhiteFideId "12939536"]
[BlackFideId "12977438"]
[EventCountry "GER"]
[EventRounds "7"]
[EventType "team-swiss"]
[EventDate "2019.12.26"]

1. e4 {[%clk 1:30:53]} e5 {[%clk 1:30:35]} 2. Nf3 {[%clk 1:30:09]} Nc6 {[%clk
1:30:39]} 3. Bb5 {[%clk 1:30:22]} a6 {[%clk 1:31:04]} 4. Ba4 {[%clk 1:30:49]}
Nf6 {[%clk 1:31:07]} 5. d3 {[%clk 1:31:11]} b5 {[%clk 1:31:10]} 6. Bb3 {[%clk
1:31:35]} Bc5 {[%clk 1:31:32]} 7. c3 {[%clk 1:31:01]} d6 {[%clk 1:31:29]} 8.
O-O {[%clk 1:30:31]} h6 {[%clk 1:31:03]} 9. d4 {[%clk 1:21:08]} Bb6 {[%clk
1:26:54]} 10. dxe5 {[%clk 1:17:09]} Nxe5 {[%clk 1:26:19]} 11. Nxe5 {[%clk
1:12:42]} dxe5 {[%clk 1:26:39]} 12. Qxd8+ {[%clk 1:03:56]} Kxd8 {[%clk
1:27:02]} 13. Nd2 {[%clk 1:02:07]} Be6 {[%clk 1:12:30]} 14. Bxe6 {[%clk
0:57:56]} fxe6 {[%clk 1:12:48]} 15. Nf3 {[%clk 0:54:49]} Nd7 {[%clk 1:11:16]}
16. Be3 {[%clk 0:47:59]} Bxe3 {[%clk 1:09:58]} 17. fxe3 {[%clk 0:47:39]} g5
{[%clk 1:09:57]} 18. Rad1 {[%clk 0:41:06]} Ke7 {[%clk 1:08:45]} 19. Rf2 {[%clk
0:36:16]} Rhg8 {[%clk 1:07:17]} 20. Rfd2 {[%clk 0:31:35]} Rad8 {[%clk 1:04:48]}
21. h3 1/2-1/2

[Event "DVM U20 2019"]
[Site "Braunschweig GER"]
[Date "2019.12.27"]
[Round "1"]
[White "Jurga, Jonas Vincent"]
[Black "Garbuz, Vitaliy"]
[Result "0-1"]
[Termination "normal"]
[Board "2.4"]
[WhiteElo "1896"]
[BlackElo "2064"]
[WhiteClock "00:42:46"]
[BlackClock "00:22:42"]
[WhiteTeam "OSG Baden-Baden"]
[BlackTeam "SF Brackel"]
[PlyCount "58"]
[WhiteFideId "12968013"]
[BlackFideId "12990710"]
[EventCountry "GER"]
[EventRounds "7"]
[EventType "team-swiss"]
[EventDate "2019.12.26"]

1. e4 {[%clk 1:30:16]} c5 {[%clk 1:30:36]} 2. Nf3 {[%clk 1:30:21]} Nc6 {[%clk
1:30:48]} 3. d4 {[%clk 1:30:45]} cxd4 {[%clk 1:31:13]} 4. Nxd4 {[%clk 1:31:09]}
g6 {[%clk 1:31:33]} 5. c4 {[%clk 1:31:33]} Bg7 {[%clk 1:31:59]} 6. Be3 {[%clk
1:31:59]} Nf6 {[%clk 1:28:47]} 7. Nc3 {[%clk 1:32:19]} O-O {[%clk 1:28:25]} 8.
Be2 {[%clk 1:32:43]} d6 {[%clk 1:28:17]} 9. O-O {[%clk 1:32:58]} Bd7 {[%clk
1:28:23]} 10. h3 {[%clk 1:23:59]} Nxd4 {[%clk 1:19:39]} 11. Bxd4 {[%clk
1:24:14]} Bc6 {[%clk 1:18:20]} 12. Qc2 {[%clk 1:24:14]} a5 {[%clk 1:17:20]} 13.
Rad1 {[%clk 1:23:55]} Nd7 {[%clk 1:16:48]} 14. Bxg7 {[%clk 1:24:13]} Kxg7
{[%clk 1:17:10]} 15. Bg4 {[%clk 1:23:27]} Nc5 {[%clk 1:03:06]} 16. e5 {[%clk
1:17:01]} f5 {[%clk 1:02:31]} 17. Be2 {[%clk 1:15:47]} f4 {[%clk 0:59:24]} 18.
f3 {[%clk 1:14:39]} Qb6 {[%clk 0:58:08]} 19. exd6 {[%clk 1:14:32]} Ne4+ {[%clk
0:48:17]} 20. Kh2 {[%clk 1:14:51]} Nxd6 {[%clk 0:48:03]} 21. Bd3 {[%clk
1:10:54]} Qc5 {[%clk 0:45:16]} 22. Qe2 {[%clk 1:07:35]} Rae8 {[%clk 0:38:30]}
23. b3 {[%clk 0:53:52]} Qb4 {[%clk 0:33:22]} 24. Qe5+ {[%clk 0:53:16]} Kg8
{[%clk 0:29:30]} 25. Ne2 {[%clk 0:50:38]} a4 {[%clk 0:24:32]} 26. Nxf4 {[%clk
0:47:12]} axb3 {[%clk 0:22:59]} 27. Ne6 {[%clk 0:44:14]} Rf6 {[%clk 0:22:55]}
28. axb3 {[%clk 0:43:08]} Nf7 {[%clk 0:22:51]} 29. Qe2 {[%clk 0:42:46]} Qd6+
{[%clk 0:22:42]} 0-1